MARC

LEADER 00000nam0a2200000 4500
001 68914
005 20231031075243.0
035 |a (RuTPU)RU\TPU\book\73383 
090 |a 68914 
100 |a 20041012d1977 km y0rusy50 ca 
101 0 |a rus 
102 |a RU 
105 |a a z 001zy 
200 1 |a Теплотехнические испытания котельных установок  |f В. И. Трембовля, Е. Д. Фингер, А. А. Авдеева 
210 |a Москва  |c Энергия  |d 1977 
215 |a 293 с.  |c ил. 
320 |a Библиогр.: с. 293-295 
610 1 |a котельные установки 
610 1 |a котлоагрегаты 
610 1 |a нестационарные режимы 
610 1 |a средние пробы 
610 1 |a температура 
610 1 |a измерение 
610 1 |a давление 
610 1 |a расходы 
610 1 |a газовый анализ 
610 1 |a обработка материалов 
675 |a 621.181.001.4  |v 3 
700 1 |a Трембовля  |b В. И.  |g Владимир Ионович 
701 1 |a Фингер  |b Е. Д.  |g Ефим Давидович 
701 1 |a Авдеева  |b А. А.  |g Ангара Александровна 
801 1 |a RU  |b 63413507  |c 20041012  |g PSBO 
801 2 |a RU  |b 63413507  |c 20200821  |g PSBO 
942 |c BK